000
00296nam a22001457a 4500
003
SGT
082
_a
618.92
_b
C17S
100
_a
SINGH, MEHRBAN
245
_a
CARE OF THE NEWBORN
250
_a
8TH
260
_a
INDIA
_b
CBS
_c
2017
300
_a
644
650
_a
PEDIATRIC
942
_2
ddc
_c
BK
999
_c
14681
_d
14681